Представление документа в формате RUSMARC

ПолеНазваниеЗначение
  Тип записи a
  Библиографический уровень m
001 Контрольный номер UONB/MAIN/cfffa25c7eb241cbb4497cca01168fdf
005 Дата корректировки 20260429173757.1
010 Индекс ISBN __
d Цена 45 к.
9 Тираж 30000 экз.
100 Данные общей обработки __
a Данные общей обработки 20260429d1953 m y0rusy0189 ca
101 Язык документа 0_
a Язык текста rus
102 Страна публикации __
a Страна публикации RU
105 Кодированные данные (монография) __
a Кодированные данные (монография) a z 000yy
200 Заглавие и сведения об ответственности 1_
a Заглавие Здоровые зубы
f Первые сведения об ответственности А. Н. Студитский
203 Вид содержания и тип средства __
a Вид содержания Текст
b Характеристика содержания визуальный
c Тип средства непосредственный
205 Сведения об издании __
a Основные сведения об издании Изд. 4-е, испр.
210 Выходные данные 1_
a Место издания Москва
c Издательство Ин-т сан. просвещения
d Дата издания 1953
215 Физическое описание __
a Объем 24 с.
c Иллюстрации/тип воспроизводства ил.
d Формат 22 см
225 Серия 1_
a Серия Библиотечка школьника
606 Тематические рубрики 0_
a Основная рубрика Зубы
610 Ключевые слова 0_
a Ключевые слова уход за зубами
610 Ключевые слова 0_
a Ключевые слова зубы - гигиена
686 Индексы других классификаций __
a Классификационный индекс 28.863
2 Код системы rubbk
700 Автор _1
a Фамилия Студитский
b Имя (инициалы) А. Н.
g Полное личное имя Александр Николаевич
4 Код отношения 070
801 Источник записи _0
a Страна RU
b Организация Ульяновская ОНБ
c Дата составления 20260429
g Правила каталогизации RCR
801 Источник записи _1
a Страна RU
b Организация Ульяновская ОНБ
c Дата составления 20260429
g Правила каталогизации RCR
901 Тип документа __
t Тип документа m
909 Создатель записи __
a Создатель записи Грязнова Т.
b Дата создания записи 20260429